| 000 | 00985nam a2200313 a 4500 | ||
|---|---|---|---|
| 008 | |||
| 020 | _a0582641616 (pbk.) | ||
| 049 | _aMAIN | ||
| 090 | 0 | 0 | _aQL666.O6 |
| 100 | 1 | _aBroadley, Donald G. | |
| 245 | 1 | 0 |
_aSnakes of Zimbabwe / _cD.G. Broadley and E.V. Cock. |
| 250 | _aRev. ed. | ||
| 260 |
_aHarare : _bLongman Zimbabwe, _c1989. |
||
| 300 |
_a152 p., [24] p. of plates : _bill. (some col.), maps ; _c22 cm. |
||
| 440 | 0 | _aBundu series. | |
| 500 | _aRev. ed. of: Snakes of Rhodesia. 1975. | ||
| 504 | _aIncludes bibliographical references: p. 134-135. | ||
| 500 | _aIncludes index. | ||
| 650 | 0 |
_aSnakes _zZimbabwe. |
|
| 650 | 0 |
_aSnakes _zZimbabwe _xIdentification. |
|
| 650 | 0 |
_aReptiles _zZimbabwe. |
|
| 700 | 1 | _aCock, E. V. | |
| 700 | 1 |
_aBroadley, Donald G. _tSnakes of Rhodesia. |
|
| 907 |
_a.b10141534 _b02-12-04 _c02-12-04 |
||
| 003 | |||
| 005 | 20230120193557.0 | ||
| 040 | _cNUST | ||
| 942 |
_cBOOKS _kQL666.O6 |
||
| 999 |
_c101580 _d101580 |
||